Employment protection [One - day conference, held at RICS] 5th February 1981 (Record no. 88119)

MARC details
000 -LEADER
fixed length control field 00620cam a2200205 4500
001 - CONTROL NUMBER
control field D15347
008 - FIXED-LENGTH DATA ELEMENTS--GENERAL INFORMATION
fixed length control field 090401t1981 xxu||||| |||| 00| 0 eng d
035 ## - SYSTEM CONTROL NUMBER
System control number (Sirsi) u22064
041 ## - LANGUAGE CODE
Language code of text/sound track or separate title eng
050 ## - LIBRARY OF CONGRESS CALL NUMBER
Classification number 344.01
110 ## - MAIN ENTRY--CORPORATE NAME
Corporate name or jurisdiction name as entry element Royal Institution of Chartered Surveyors
9 (RLIN) 4900
245 ## - TITLE STATEMENT
Title Employment protection [One - day conference, held at RICS] 5th February 1981
260 ## - PUBLICATION, DISTRIBUTION, ETC.
Place of publication, distribution, etc. London
Name of publisher, distributor, etc. Surveyors` Technical Services
Date of publication, distribution, etc. 1981
300 ## - PHYSICAL DESCRIPTION
Extent Programme and synopses of 3 papers
350 ## - PRICE (NR) (BK AM CF MU VM SE) [OBSOLETE]
Price 0
520 ## - SUMMARY, ETC.
Summary, etc. Filed in box RICS 1981/5A
710 ## - ADDED ENTRY--CORPORATE NAME
Corporate name or jurisdiction name as entry element General Practice Division
9 (RLIN) 752
942 ## - ADDED ENTRY ELEMENTS (KOHA)
Suppress in OPAC 0
948 ## - LOCAL PROCESSING INFORMATION (OCLC); SERIES PART DESIGNATOR (RLIN)
c (OCLC) 04/03/1997
Holdings
Withdrawn status Lost status Source of classification or shelving scheme Damaged status Not for loan Home library Current library Shelving location Date acquired Total Checkouts Full call number Barcode Date last seen Copy number Price effective from Koha item type
    Other/Generic Classification Scheme     London London RICS Boxes 22/08/1991   RICS 1981/5 30025329 06/08/2019 1 06/08/2019 Archive
    Other/Generic Classification Scheme     London London RICS Boxes 15/04/2005   RICS 1981/5 30070495 06/08/2019 2 06/08/2019 Reference material